[Event "Kathmandu op"]
[Site "Kathmandu"]
[Date "2018.04.13"]
[Round "1"]
[White "Shrestha, Ram Bhakta"]
[Black "Prince, Bajaj"]
[Result "0-1"]
[WhiteElo "1541"]
[BlackElo "2409"]
[PlyCount "52"]
[EventDate "2018.04.13"]
[EventType "swiss"]
[EventRounds "9"]
[EventCountry "NEP"]
[SourceTitle "CBM 183 Extra"]
[Source "ChessBase"]
[SourceDate "2018.04.19"]
[SourceVersion "1"]
[SourceVersionDate "2018.04.19"]
[SourceQuality "1"]

1. e4 c5 2. Nf3 e6 3. d4 cxd4 4. Nxd4 Nf6 5. Nc3 Nc6 6. Bg5 Bb4 7. Nf3 h6 8. Bd2 0-0 9. Bd3 a6 10. a3 Be7 11. 0-0 Qc7 12. h3 b5 13. Be3 Bb7 14. Re1 d6 15. Ne2 Rfd8 16. Qc1 Rac8 17. Ng3 Ne5 18. Nxe5 dxe5 19. f3 Nd7 20. Rd1 Nc5 21. Kh1 Rd6 22. Be2 Rc6 23. Rd2 Nb3 24. Qd1 Nxa1 25. Qxa1 Rxc2 26. Rd1 Bh4 0-1